| 000 | 00344nam a2200121Ia 4500 | ||
|---|---|---|---|
| 005 | 20251222144639.0 | ||
| 008 | 251222s9999||||xx |||||||||||||| ||spa|| | ||
| 082 | _a985.41/C28 | ||
| 100 | _aCarpio Neira, José del | ||
| 245 | 0 | _aLas Repercusiones de Arequipa en la Historia Nacional | |
| 264 | _bUniversidad Nacional San Agustín | ||
| 942 | _cLIB | ||
| 999 |
_c16622 _d16622 |
||